| 000 | 00450nam a2200181Ia 4500 | ||
|---|---|---|---|
| 001 | 21024 | ||
| 005 | 20260306172849.0 | ||
| 008 | 260306t2012||||xx |||||||||||||| ||spa|| | ||
| 041 | _aESP | ||
| 082 |
_a344 _bA74 T. 2 |
||
| 100 |
_aArmanza Galdos, Julio _eAUT |
||
| 245 | 0 |
_aDigesto de derecho penal peruano: _bcriminalistas del siglo XIX |
|
| 260 | _c2012 | ||
| 300 |
_a _c22 cm. |
||
| 650 | _aGEN | ||
| 654 | _aCDE | ||
| 942 |
_cLIB _dJUS _fJUS _2ddc _n |
||
| 999 |
_c21024 _d21024 |
||